Provincias de Chile - Estadísticas

Estadísticas generales
  • Esta prueba ha sido intentada 127 veces
  • La puntuación promedio es 19 de 56
Estadísticas de respuestas
Hint Respuesta % Correcto
. Santiago
87%
. Antofagasta
82%
. Valparaiso
81%
Arica y Parinacota Arica
78%
. Iquique
67%
. Parinacota
59%
Bío Bío Concepción
55%
. Talca
53%
Los Ríos Valdivía
49%
. Copiapó
47%
. Los Andes
44%
. Chiloé
42%
. Melipilla
42%
Los Lagos Osorno
39%
. Quillota
39%
. Maipo
38%
. Marga Marga
38%
. Cordillera
36%
Maule Curicó
36%
Coquimbo Elqui
36%
. San Antonio
36%
. Bío Bío
35%
Aysén Aysén
34%
. Linares
34%
. Coyhaique
33%
Antofagasta El Loa
33%
. Talagante
32%
. Limarí
31%
. Tocopilla
31%
. Magallanes
29%
. Cauquenes
28%
. Isla de Pascua
28%
Tarapacá Tamarugal
28%
. Choapa
27%
. Colchagua
27%
. Arauco
26%
Santiago Chacabuco
26%
Valparaiso Petorca
26%
. Cardenal Caro
25%
. Palena
25%
. Huasco
24%
Araucanía Malleco
24%
. Tierra del Fuego
24%
Magallanes Última Esperanza
24%
. Cautín
22%
. San Felipe de Aconcagua
22%
Atacama Chañaral
21%
Ñuble Itata
19%
. Llanquihue
19%
. Antártica Chilena
18%
. Ranco
18%
. Capitán Prat
15%
. Diguillín
15%
. General Carrera
15%
. Punilla
14%
O'higgins Chacapoal
6%
No se encontraron pruebas coincidentes
Distribución de puntuación
Porcentaje de gente con cada puntuación
Porcentaje por número respondido
Historial de tus puntuaciones
No has intentado esta prueba.